Todo lo que es juan : un libro sobre el espacio y otras ocupaciones /

Guardado en:
Autor Principal: Schritter, Istvan
Formato: Libro
Publicado: Buenos Aires : Az, 2013
Materias:
Etiquetas: Agregar Etiqueta
Sin Etiquetas, Sea el primero en etiquetar este registro!
LEADER 00840nam a22002415a 4500
001 CEM.cems015505
008 130507s2013##################000#0#####d
005 20250407161214.0
245 1 0 |a Todo lo que es juan :  |b un libro sobre el espacio y otras ocupaciones /  |c Istvan Schritter. 
260 |a Buenos Aires :  |b Az,  |c 2013 
300 |a 32 p. 
500 |a Istvansch seudónimo de Istvan Schritter 
020 |a 9789873501494 
100 1 |a Schritter, Istvan 
082 0 4 |a A868.4 
653 |a Literatura 
653 |a Literatura argentina 
653 |a Literatura infantil 
653 |a Cuentos infantiles 
653 |a Colección ciencias de la educación 
653 |a Libro Álbum 
859 |a CEMS  |b BIB. CEMS - Inicial y Primaria  |h A868.4  |i Sch74-1  |k IP  |p 4138  |t Ej.1 
859 |a CEMS  |b BIB. CEMS - Ccias. Educacion  |h A868.4  |i Sch74-5  |k CE  |p 28958.19  |t Ej.1